Final report on the land revenue settlement of the Bonai Feudatory State, Orissa. (Record no. 81099)

MARC details
000 -LEADER
fixed length control field 00733nam a22002291 4500
001 - CONTROL NUMBER
control field sa 68006048
003 - CONTROL NUMBER IDENTIFIER
control field DLC
005 - DATE AND TIME OF LATEST TRANSACTION
control field 20260227112513.0
008 - FIXED-LENGTH DATA ELEMENTS--GENERAL INFORMATION
fixed length control field 710915s1962 ii 00000 eng
010 ## - LIBRARY OF CONGRESS CONTROL NUMBER
LC control number sa 68006048
025 ## - OVERSEAS ACQUISITION NUMBER
Overseas acquisition number PL480:I-E-8562
043 ## - GEOGRAPHIC AREA CODE
Geographic area code a-ii---
050 0# - LIBRARY OF CONGRESS CALL NUMBER
Classification number HJ4387.B7
Item number A53
110 10 - MAIN ENTRY--CORPORATE NAME
Corporate name or jurisdiction name as entry element Bonai, India (State)
245 10 - TITLE STATEMENT
Title Final report on the land revenue settlement of the Bonai Feudatory State, Orissa.
260 0# - PUBLICATION, DISTRIBUTION, ETC.
Place of publication, distribution, etc. Berhampur, Orissa,
Name of publisher, distributor, etc. Printed at Sarada Press
Date of publication, distribution, etc. [1962]
300 ## - PHYSICAL DESCRIPTION
Extent iii, 27, 6 p.
Dimensions 33 cm.
350 ## - PRICE (NR) (BK AM CF MU VM SE) [OBSOLETE]
Price Re0.45
650 #0 - SUBJECT ADDED ENTRY--TOPICAL TERM
Topical term or geographic name entry element Land value taxation
Geographic subdivision Bonai, India (State)
650 #0 - SUBJECT ADDED ENTRY--TOPICAL TERM
Topical term or geographic name entry element Land tenure
Geographic subdivision Bonai, India (State)
650 #0 - SUBJECT ADDED ENTRY--TOPICAL TERM
Topical term or geographic name entry element Agriculture
General subdivision Economic aspects
Geographic subdivision India
-- Bonai (State)

No items available.

Powered by Koha